000 00553nam a2200217Ia 4500
003 OSt
005 20221005130745.0
006 a|||||r|||| 00| 0
007 ta
008 221004b |||||||| |||| 00| 0 ben d
024 _a9047
037 _cTextual
040 _aCRL
_cCRL
_bben
041 _2ben
_aben
082 _aM2v0Y115, 157052
100 _aBandopadhyay
_9196155
245 0 _aSamayik patra sampadane banganari
260 _c1950
942 _hM2v0Y115, 157052
_cTEXL
_2cc
999 _c1058314
_d1058314